00467nam a2200193 a 4500001001300000003000900013005001700022008004100039020001000080082001500090100002000105245002300125260002800148300000900176500003500185505001500220650001800235700002000253nice12345678IN_TiNIC20260116011721.0050524s0000 dela grp 000 0 urd  ac10000a954.2bASH aAshiq, Abdullah aBaharistan-E-Awadh aDelhibFaiz Pressc0000 a156p aincludes index and biblioraphy2 aPeriodical aAwadh-History1 aAshiq, Abdullah